[Event "TCh-RUS w Rapid 2016"]
[Site "Sochi RUS"]
[Date "2016.10.05"]
[Round "1.1"]
[Board "2"]
[White "Girshgorn, Maria"]
[Black "Ovod, Evgenija"]
[Result "1/2-1/2"]
[BlackTitle "IM"]
[WhiteElo "1651"]
[BlackElo "2362"]
[WhiteTeam "NL SHSH Anatoly Karpov (Moscow)"]
[BlackTeam "VIVO (St. Petersburg)"]
[WhiteFideId "34123765"]
[BlackFideId "4131827"]
[EventDate "2016.10.05"]

1. d4 f5 2. c4 Nf6 3. Nc3 d6 4. Nf3 g6 5. g3 Bg7 6. Bg2 O-O 7. O-O Qe8 8. d5 Na6
9. Nd4 Bd7 10. e4 fxe4 11. Nxe4 Nxe4 12. Bxe4 Nc5 13. Bg2 a5 14. Be3 Qf7 15. Qe2
Kh8 16. Rad1 Rae8 17. b3 Bc8 18. Nb5 Na6 19. Bd4 e5 20. dxe6 Rxe6 21. Qb2 Bxd4
22. Qxd4+ Rf6 23. Nc3 Qg7 24. Nd5 R6f7 25. f4 Nc5 26. Qxg7+ Kxg7 27. Rde1 Bf5
28. Re3 b5 29. cxb5 Bd3 30. Rfe1 Bxb5 31. Re7 c6 32. Nc3 a4 33. bxa4 Nxa4 34.
Nxb5 cxb5 35. Bc6 Nc3 36. a3 Rxe7 37. Rxe7+ Rf7 38. Re3 Na4 39. Bxb5 Nc5 40. a4
Ra7 41. Kg2 Kf6 42. Kf3 h5 43. Bc6 1/2-1/2

[Event "TCh-RUS w Rapid 2016"]
[Site "Sochi RUS"]
[Date "2016.10.05"]
[Round "3.2"]
[Board "4"]
[White "Bondareva, Daria"]
[Black "Baraeva, Marina"]
[Result "1/2-1/2"]
[WhiteTitle "WCM"]
[BlackTitle "WIM"]
[WhiteElo "1707"]
[BlackElo "2173"]
[WhiteTeam "NL SHSH Anatoly Karpov (Moscow)"]
[BlackTeam "Tyumen (Tyumen region)"]
[WhiteFideId "44131356"]
[BlackFideId "24142573"]
[EventDate "2016.10.05"]

1. e4 e6 2. Nf3 d5 3. Nc3 Nf6 4. e5 Nfd7 5. d4 c5 6. dxc5 Bxc5 7. Bd3 Nc6 8. Bf4
a6 9. O-O b5 10. a3 Qc7 11. Qe2 Nd4 12. Qd1 Nxf3+ 13. Qxf3 Bb7 14. Rfe1 O-O 15.
Qg3 g6 16. h4 Rfe8 17. Nd1 Qd8 18. Ne3 Bxe3 19. Bxe3 f5 20. exf6 Qxf6 21. Qc7
Bc8 22. Qc6 Rb8 23. Bg5 Qf7 24. Qd6 Rb6 25. Qg3 e5 26. f3 Rbe6 27. h5 Nc5 28.
hxg6 hxg6 29. Bf1 e4 30. Qf2 Nd7 31. fxe4 Rxe4 32. Rxe4 Rxe4 33. Re1 Qxf2+ 34.
Kxf2 Nc5 35. Be3 d4 36. Bd2 Bf5 37. Rxe4 Bxe4 38. c3 dxc3 39. Bxc3 Kf7 40. Ke3
Bc6 41. Be1 Ke6 42. Kd4 Na4 43. Bc3 Kd6 44. b3 Nxc3 45. Kxc3 Kc5 46. Bd3 Bxg2
47. Bxg6 a5 48. b4+ axb4+ 49. axb4+ 1/2-1/2

[Event "TCh-RUS w Rapid 2016"]
[Site "Sochi RUS"]
[Date "2016.10.05"]
[Round "4.3"]
[Board "1"]
[White "Bodnaruk, Anastasia"]
[Black "Kovalevskaya, Ekaterina"]
[Result "0-1"]
[WhiteTitle "IM"]
[BlackTitle "IM"]
[WhiteElo "2463"]
[BlackElo "2437"]
[WhiteTeam "VIVO (St. Petersburg)"]
[BlackTeam "BSM Moscow (Moscow)"]
[WhiteFideId "4181751"]
[BlackFideId "4116704"]
[EventDate "2016.10.05"]

1. e4 c5 2. b3 e6 3. Bb2 d5 4. exd5 exd5 5. d4 Nf6 6. Nf3 Nc6 7. Bb5 Be7 8. O-O
O-O 9. dxc5 Bxc5 10. Nd4 Nxd4 11. Bxd4 Qb6 12. Bxc5 Qxc5 13. Bd3 Bg4 14. Qd2
Rac8 15. Re1 Bh5 16. c4 dxc4 17. Bxc4 Rfd8 18. Qf4 b5 19. Bf1 Rd4 20. Qe3 h6 21.
h3 Nd5 22. Qe5 Bg6 23. Kh1 a6 24. Na3 Nb6 25. Qe3 Rcd8 26. b4 Qxb4 27. Rac1 Nd5
28. Qg3 Nf4 29. Re3 Rd1 30. Rec3 Rxc1 31. Rxc1 Ne6 32. Qe3 Qf4 33. Qe1 Rd2 34.
Kg1 Rxa2 35. Rc3 Qd2 36. Qxd2 Rxd2 37. Rc6 Rd1 38. Nc2 Bxc2 39. Rxc2 a5 40. f3
b4 41. Kf2 b3 42. Rc8+ Kh7 43. Rb8 a4 44. Be2 Rc1 45. Bb5 Nc5 46. Bxa4 Nxa4 47.
Rxb3 Nc5 48. Rb5 g6 49. g4 Ne6 50. Rb7 Kg7 51. h4 Rc2+ 52. Kg3 Rc3 53. Rd7 Nc5
54. Re7 Rd3 55. Kf2 Ne6 56. Ke2 Ra3 57. Rd7 Ra2+ 58. Ke3 Rh2 0-1

[Event "TCh-RUS w Rapid 2016"]
[Site "Sochi RUS"]
[Date "2016.10.05"]
[Round "4.3"]
[Board "2"]
[White "Pustovoitova, Daria"]
[Black "Ovod, Evgenija"]
[Result "1-0"]
[WhiteTitle "FM"]
[BlackTitle "IM"]
[WhiteElo "2386"]
[BlackElo "2362"]
[WhiteTeam "BSM Moscow (Moscow)"]
[BlackTeam "VIVO (St. Petersburg)"]
[WhiteFideId "4182146"]
[BlackFideId "4131827"]
[EventDate "2016.10.05"]

1. c4 f5 2. g3 Nf6 3. Bg2 d6 4. Nc3 g6 5. d4 Bg7 6. Nh3 O-O 7. O-O e5 8. dxe5
dxe5 9. b3 c6 10. Ba3 Qxd1 11. Raxd1 Re8 12. Na4 Nbd7 13. Rd2 e4 14. Rfd1 Ne5
15. Bb2 e3 16. fxe3 Neg4 17. Rd8 Be6 18. Rxa8 Rxa8 19. Nc5 Ne4 20. Bxe4 Bxb2 21.
Bxc6 bxc6 22. Nxe6 Re8 23. Rd8 Rxd8 24. Nxd8 c5 25. Nb7 Ba3 26. e4 fxe4 27. Nf2
Nf6 28. Nd6 e3 29. Nd1 Bc1 30. Kg2 Kf8 31. Kf3 Ke7 32. Ne4 Nd7 33. Nxe3 Ke6 34.
Ng5+ Ke5 35. Nxh7 Kd4 36. Nd5 Ne5+ 37. Kg2 a5 38. Nf8 a4 39. Ne6+ Ke4 40. Nxc5+ 1-0

[Event "TCh-RUS w Rapid 2016"]
[Site "Sochi RUS"]
[Date "2016.10.06"]
[Round "5.1"]
[Board "3"]
[White "Drozdova, Dina"]
[Black "Travkina, Anastasia"]
[Result "1-0"]
[WhiteTitle "WIM"]
[BlackTitle "WFM"]
[WhiteElo "2242"]
[BlackElo "2292"]
[WhiteTeam "Tyumen (Tyumen region)"]
[BlackTeam "VIVO (St. Petersburg)"]
[WhiteFideId "4170695"]
[BlackFideId "24129151"]
[EventDate "2016.10.05"]

1. d4 d5 2. c4 c6 3. cxd5 cxd5 4. Nc3 Nf6 5. Nf3 Nc6 6. Bf4 Nh5 7. Be5 f6 8. Bg3
Bg4 9. e3 e6 10. Rc1 Nxg3 11. hxg3 g6 12. Qb3 Bxf3 13. gxf3 Qd7 14. Bh3 Rc8 15.
O-O f5 16. Na4 Kf7 17. Qb5 Rc7 18. Rfd1 Be7 19. Nc5 Bxc5 20. Rxc5 Rhc8 21. Rdc1
Ke7 22. Bf1 h5 23. Qa4 a6 24. Qa3 Kf7 25. b4 Ne7 26. Qc3 Rxc5 27. bxc5 g5 28.
Rb1 g4 29. fxg4 hxg4 30. Qb3 Rc7 31. Qb6 Nc6 32. Bd3 Kf6 33. Kg2 Nd8 34. Rh1 Kg7
35. Qb1 Nf7 36. Rh5 Kf6 37. Qh1 Qa4 38. Qh4+ Kg6 39. Qxg4+ Kf6 40. Qh4+ Kg6 41.
Qg4+ Kf6 42. Qh4+ Kg6 43. Qg4+ Kf6 44. Qh4+ Kg6 45. Qg4+ Kf6 46. Bxf5 exf5 47.
Qxf5+ Ke7 48. Rh7 Qe8 49. Qxd5 Kf8 50. g4 Qc6 51. Qxc6 Rxc6 52. f4 b6 53. cxb6
Rxb6 54. g5 Kg8 55. Rh1 Rb2+ 56. Kf3 Rxa2 57. Rb1 a5 58. Rb6 a4 59. Ke4 a3 60.
Kf5 Rb2 61. Ra6 a2 62. d5 Nd6+ 63. Kg6 Ne8 64. Ra8 Kf8 65. f5 Ke7 66. f6+ Nxf6
67. gxf6+ Kd6 68. f7 Rg2+ 69. Kh6 Rh2+ 70. Kg7 Rg2+ 71. Kf8 Re2 72. e4 Kc5 73.
Kg7 Rg2+ 74. Kf6 Kd4 75. f8=Q Rf2+ 1-0

[Event "TCh-RUS w Rapid 2016"]
[Site "Sochi RUS"]
[Date "2016.10.06"]
[Round "5.1"]
[Board "4"]
[White "Belenkaya, Dina"]
[Black "Baraeva, Marina"]
[Result "1/2-1/2"]
[WhiteTitle "WFM"]
[BlackTitle "WIM"]
[WhiteElo "2313"]
[BlackElo "2173"]
[WhiteTeam "VIVO (St. Petersburg)"]
[BlackTeam "Tyumen (Tyumen region)"]
[WhiteFideId "24142654"]
[BlackFideId "24142573"]
[EventDate "2016.10.05"]

1. e4 e6 2. d4 d5 3. Nd2 c5 4. Ngf3 cxd4 5. exd5 Qxd5 6. Bc4 Qd6 7. O-O Nf6 8.
Nb3 Nc6 9. Nbxd4 Nxd4 10. Nxd4 a6 11. c3 Qc7 12. Bd3 Bd6 13. h3 O-O 14. Bg5 Nd5
15. Qh5 f5 16. Qe2 Qf7 17. Nf3 Nf4 18. Bxf4 Bxf4 19. Rfe1 Qf6 20. Ne5 Bxe5 21.
Qxe5 Qxe5 22. Rxe5 Kf7 23. Bc4 Kf6 24. Rae1 Re8 25. a4 Bd7 26. a5 Rad8 27. f4 h5
28. h4 Bc8 29. R1e2 Rd6 30. Kf2 Bd7 31. Ke1 Rc8 32. Bb3 Rd8 33. R5e3 Bc8 34. Re5
Bd7 35. R2e3 Rc8 36. Bd1 g6 37. Bb3 Rd8 38. Rc5 Bc6 39. Re2 Bb5 40. Ree5 Bc6 41.
g3 R8d7 42. Re2 Rd8 43. Bc2 Rd5 44. Rxd5 Rxd5 45. Bb3 Rd6 46. Re5 Be4 47. Bc4
Rc6 48. b3 Ke7 49. Ke2 Kd7 50. Ke3 Ke7 51. Kd4 Kd7 52. Be2 Rd6+ 53. Ke3 Bd5 54.
c4 Be4 55. b4 Ke7 56. Rc5 Kd7 57. Re5 b6 58. c5 bxc5 59. bxc5 Rc6 60. Bd1 Ke7
61. Bb3 Bg2 62. Kd4 Be4 63. Kc3 Bf3 64. Kb4 Be4 65. Kc3 Bf3 66. Bc4 Be4 67. Kd4
Kf6 68. Bb3 Ke7 69. Kc3 Kf6 70. Bc4 Ke7 71. Bd3 Bxd3 72. Kxd3 Rc8 73. Kc4 Rb8
74. c6 Kd6 75. Kd4 Rb4+ 76. Kc3 Rb8 77. Kd4 Rb4+ 78. Kc3 Rb8 79. Kd4 Rb4+ 80.
Kc3 Rb8 81. Kd4 Rb4+ 82. Kc3 Rb8 83. Kd4 Rc8 84. Rc5 1/2-1/2